000 00335 a2200109 4500
001 ART_25744
005 20260410161601.0
008 260409a
245 1 0 _aGestión eficiente de empresas gastronómicas
100 1 _aIacomucci, Norma H.
773 0 _tProfesional & Empresaria
_g- Año VII, Nº 83 (ago. 2006)
_wREV70
999 _c9710
_d9710